[Event "SVK-chT3A2 1718"]
[Site "Slovakia"]
[Date "2017.11.05"]
[Round "3.1"]
[White "Vagovic, Milan"]
[Black "Hrubsa, Marian"]
[Result "0-1"]
[WhiteElo "1651"]
[BlackElo "1916"]
[PlyCount "68"]
[EventDate "2017.10.08"]
[EventType "team-tourn"]
[EventRounds "11"]
[EventCountry "SVK"]
[SourceTitle "EXT 2020"]
[Source "ChessBase"]
[SourceDate "2019.10.17"]
[SourceVersion "1"]
[SourceVersionDate "2019.10.17"]
[SourceQuality "1"]
[WhiteTeam "Modranka Komplet"]
[BlackTeam "Skalica"]
[WhiteTeamCountry "SVK"]
[BlackTeamCountry "SVK"]

1. d4 d5 2. c4 e6 3. Nc3 Nf6 4. Nf3 c6 5. Bg5 Nbd7 6. e3 Qa5 7. Bxf6 Nxf6 8. Bd3 Bb4 9. Qc2 dxc4 10. Bxc4 Ne4 11. Rc1 Nxc3 12. bxc3 Ba3 13. Rb1 0-0 14. 0-0 Qh5 15. Be2 Qh6 16. c4 Bd6 17. e4 f6 18. c5 Bc7 19. a4 Rb8 20. Rb3 Rd8 21. Rd1 Bd7 22. Bc4 Kh8 23. d5 exd5 24. exd5 cxd5 25. Bb5 Bg4 26. g3 Qh5 27. Be2 Re8 28. Qd2 Re4 29. Re1 Rxa4 30. Nd4 Ba5 31. Qb2 Bxe1 32. Rxb7 Rxb7 33. Qxb7 Qe8 34. Bb5 Bxf2+ 0-1

[Event "SVK-chT4 A21 1718"]
[Site "Slovakia"]
[Date "2017.10.29"]
[Round "3.1"]
[White "Vagovic, Milan"]
[Black "Vojtkova, Linda"]
[Result "1-0"]
[WhiteElo "1650"]
[BlackElo "1438"]
[PlyCount "103"]
[EventDate "2017.10.01"]
[EventType "team-tourn"]
[EventRounds "11"]
[EventCountry "SVK"]
[SourceTitle "EXT 2019"]
[Source "ChessBase"]
[SourceDate "2018.10.10"]
[SourceVersion "1"]
[SourceVersionDate "2018.10.10"]
[SourceQuality "1"]
[WhiteTeam "Chtelnica Kamenar"]
[BlackTeam "Modranka Komplet"]
[WhiteTeamCountry "SVK"]
[BlackTeamCountry "SVK"]

1. d4 Nf6 2. c4 g6 3. Nf3 Bg7 4. Nc3 0-0 5. e4 d6 6. Bd3 Nbd7 7. 0-0 e5 8. d5 a5 9. a4 Nc5 10. Bc2 Nh5 11. h3 Nf4 12. Be3 f5 13. Kh2 Nh5 14. Bg5 Bf6 15. Bh6 Rf7 16. exf5 Bxf5 17. Bxf5 gxf5 18. Nd2 Ng7 19. Nb3 b6 20. Nxc5 bxc5 21. Rb1 Bg5 22. Bxg7 Rxg7 23. g3 Qe8 24. Nb5 Qd7 25. f4 exf4 26. gxf4 Bf6 27. Rg1 Ra6 28. Qe2 Kh8 29. Rxg7 Kxg7 30. Rg1+ Kf8 31. b3 c6 32. dxc6 Rxc6 33. Rd1 Be7 34. Rd5 Kg7 35. Qh5 Qe6 36. Rxf5 Bf6 37. Qg4+ Kf7 38. Rh5 Qxg4 39. hxg4 Kg7 40. Rd5 Be7 41. Kg3 h6 42. Kf3 Kf6 43. Ke4 Rb6 44. Rh5 Bf8 45. Kd5 Ra6 46. Rf5+ Ke7 47. g5 hxg5 48. fxg5 Bg7 49. g6 Bf6 50. Rh5 Bg7 51. Rf5 Bf6 52. Rf3 1-0